Statistics for Dead Space Gaming Franchise

Click here to take the quiz!

General Stats

  • This quiz has been taken 47 times
  • The average score is 4 of 5

Answer Stats

HintGame% Correct
Engineer Isaac Clarke and his crew get stranded on a large, abandoned mining ship. There, Clarke needs to repair the giant ship while battling nasty aliens and solving the mystery of what happened to the ship.Dead Space
100%
Set three years after the events of the first, Isaac Clarke's fight against a new Necromorph outbreak on the Sprawl, a space station above Saturn's largest moon, Titan.Dead Space 2
100%
Set on the frozen planet of Tau Volantis, Isaac Clarke and John Carver team up as they attempt to end the Necromorph threat once and for all.Dead Space 3
100%
Set on the Sprawl, a city built upon the remains of the moon Titan. The player takes the role of Franco Delille, an engineer who witnesses the initial outbreak of the hostile alien Necromorphs. The gameplay combines hacking minigames with motion comic-style cutscenes featuring multiple story paths.Dead Space Ignition
40%
A group of space colonists from the Aegis VII colony fight against the infection of Necromorphs created when the Red Marker was removed.Dead Space: Extraction
33%

Score Distribution

Percentile by Number Answered

Percent of People with Each Score

Your Score History

You have not taken this quiz